| 000 | 00803nam a22002777a 4500 | ||
|---|---|---|---|
| 001 | 15714 | ||
| 003 | DO-SdBNP | ||
| 005 | 20180222104432.0 | ||
| 007 | 15714 | ||
| 008 | 880427s1985 sp a spa | ||
| 016 | 7 | _2BPMSU | |
| 020 | _a8471769867 | ||
| 040 |
_aBPMSU _bspa _cBPMSU |
||
| 100 | 1 | _aBrightfield, Richard | |
| 240 | 1 | _aThe deadly shadow | |
| 245 | 1 | 0 |
_aSombra mortal / _cRichard Brightfield ; ilustraciones Don Hedin |
| 260 | 1 |
_aBarcelona: _bTimun Mas, _c1986. |
|
| 300 |
_a118 p.; _bil.: _c18 cm, |
||
| 490 | 1 |
_aElige tu propia aventura _v33 |
|
| 500 | _aTraducción de: The deadly shadow | ||
| 700 | 1 |
_aHedin, Don _eilustración |
|
| 830 | 0 |
_aElige tu propia aventura _v33 |
|
| 942 |
_2ddc _cBK |
||
| 945 | _aInventariado, 2018/ YL | ||
| 956 |
_aVMATEO _210 _320151123 _6BPMSU _800151 |
||
| 999 |
_c8869 _d8869 |
||